[Event "26th Bosnjaci Open 2022"]
[Site "Bosnjaci"]
[Date "2022.01.06"]
[Round "6.6"]
[White "Nemec, Vjekoslav"]
[Black "Sipic, Hrvoje"]
[Result "1-0"]
[WhiteElo "2194"]
[BlackElo "2221"]
[Annotator "TA"]
[PlyCount "151"]
[EventDate "2022.01.03"]
[EventType "swiss"]
[EventCountry "CRO"]
[SourceTitle "playchess.com"]
[Source "ChessBase"]
[SourceQuality "1"]

{[%evp 30,151,125,118,151,156,152,155,160,143,147,124,551,137,1229,1227,1584,419,684,299,316,286,310,283,292,295,268,259,256,263,237,189,208,166,148,136,171,162,233,240,249,193,200,157,161,134,188,181,187,178,166,183,183,126,135,135,262,253,216,215,190,122,290,290,292,286,381,243,516,376,710,710,699,692,675,668,661,612,587,0,445,341,324,183,1729,1634,29977,29978,29978,29979,29979,29980,29980,29981,29981,29982,29982,29983,29983,29984,29984,29985,29985,29986,29986,29987,29987,29988,29988,29989,29989,29990,29990,29991,29991,29992,29993,29994,29994,29995,29995,29996,29996,5118]} 1. e4 c5 2. Nf3 d6 3. d4 cxd4 4. Nxd4 Nf6 5. Nc3 g6 6. Be3 Bg7 7. f3 Nc6 8. Qd2 O-O 9. O-O-O Nxd4 10. Bxd4 Be6 11. Kb1 Qc7 12. h4 Rfc8 13. h5 Qa5 14. hxg6 hxg6 15. a3 Rab8 16. Bd3 b5 {B76: Sicilian Dragon: Yugoslav Attack, 9 g4 and 9 0-0-0.} 17. Qg5 Qc7 18. e5 $1 {White is more active.} (18. Nxb5 $6 Qa5 19. b4 Qa4 $11) 18... dxe5 {White is clearly better.} 19. Bxe5 Qc5 20. f4 Rb6 $2 {[%mdl 8192] [#]} (20... Ng4 $16 {is tougher.} 21. Bxb8 Qxg5 22. fxg5 Rxb8) 21. Qh4 $146 (21. Bxg6 $1 $18 {[%mdl 512] is more deadly.} fxg6 22. Qxg6 (22. Bxf6 $2 exf6 23. Qxg6 f5 $19)) ({Predecessor:} 21. Bxg6 fxg6 22. Qxg6 Bf7 23. Rh8+ Kxh8 24. Qxf7 Rg8 25. Rh1+ Nh7 26. Qh5 {1-0 (26) Villwock,M (2209)-Wisskirchen,A (2252) Germany 2007}) 21... Bf5 {[%mdl 8192]} (21... Kf8 $2 22. g4) (21... b4 $16 22. Na4 (22. Bxf6 Bxf6 23. Ne4 Bxh4 $17) (22. Ne4 Qa5 $14) 22... Qd5 23. Nxb6 Qa2+ 24. Kc1 axb6) 22. Bxf5 $18 gxf5 23. Nd5 Re6 {[#]} (23... Qxc2+ $142 24. Ka1 Kf8 25. Nxb6 axb6) 24. Nxf6+ (24. Bc3 $142 $1) 24... Rxf6 25. Qh7+ (25. Bxf6 Qxc2+ 26. Ka2 (26. Ka1 $2 Bxf6 27. Qg3+ Kf8 $19) 26... Qc4+ 27. Kb1 (27. Ka1 Bxf6 28. Qh7+ Kf8 $11) 27... Qc2+ 28. Ka2 (28. Ka1 $2 Bxf6 29. Qg3+ Kf8 $19) 28... Qc4+ 29. Kb1 (29. Ka1 Bxf6 30. Qh7+ Kf8 $11) 29... Qc2+ $11) 25... Kf8 26. c3 Rg6 27. Bxg7+ Rxg7 28. Qh8+ Rg8 29. Qh6+ Ke8 30. Qh7 {[%cal Rh7g8]} Kf8 31. Rd2 Re8 32. Rh3 {To avoid Qe3. Intending Qh6+ and mate.} Qc6 33. Qxf5 Qg6 (33... a6 $142 34. Qd3 (34. Rh7 Qg6 $16) 34... Qe6) 34. Qxg6 fxg6 {[%mdl 4096] Endgame KRR-KRR} 35. Rd5 a6 36. Rg3 Kf7 37. Rgg5 Kf6 (37... Rh8 $16 {was called for.} 38. Kc2 Rd8) 38. Rc5 {Threatens to win with Rc6+.} Rd8 39. Rc6+ Rd6 40. Rxd6+ exd6 {[#] KR-KR} 41. Kc2 (41. a4 $1 $18) 41... Re8 42. Kd2 Re4 (42... Rh8 $16 {is a better defense.} 43. Ke3 Rh1) 43. g3 {[%cal Bg2g3,Bg3g4][%mdl 32]} Re8 44. a4 bxa4 45. Ra5 {[%csl LRa4,LRa6]} Rb8 $2 (45... Rh8 $16) 46. Kc2 ({Stronger than} 46. Rxa6 Rxb2+ 47. Ke3 Rg2 $11) 46... Rb6 47. Rxa4 d5 48. g4 {And now b4 would win.} Ke6 $2 (48... g5 49. fxg5+ Kxg5) 49. Ra5 Rd6 $2 (49... g5 50. fxg5 Ke5) 50. Kd3 Rb6 51. b4 Rc6 52. Ra1 Kd7 53. Kd4 Kd6 54. Kd3 Kd7 $1 55. Rh1 {Black must now prevent Rh7+.} Rf6 56. Rh6 (56. Rh7+ $142 Ke8 57. Ke3) 56... Ke7 $2 (56... Rxf4 57. Rxg6 Rc4) 57. f5 gxf5 {[#]} 58. Rxf6 $1 {White mates.} Kxf6 59. gxf5 Kxf5 {KPP-KPP} 60. Kd4 Ke6 61. Kc5 Ke5 62. Kb6 Ke4 63. Kxa6 {KPP-KP} Kd3 64. b5 Kxc3 {KP-KP} 65. b6 d4 66. b7 d3 67. b8=Q Kc2 68. Qc7+ Kd1 69. Kb5 d2 70. Qc4 Ke1 71. Qe4+ Kf2 72. Qd3 Ke1 73. Qe3+ Kd1 74. Kc4 Kc2 75. Qc3+ Kd1 76. Kd3 {Weighted Error Value: White=0.65/Black=0.82} 1-0

[Event "26th Bosnjaci Open 2022"]
[Site "Bosnjaci"]
[Date "2022.01.06"]
[Round "6.7"]
[White "Vujnovic, Patricija"]
[Black "Zadravec, Matija"]
[Result "1/2-1/2"]
[WhiteElo "2138"]
[BlackElo "2249"]
[Annotator "NA"]
[PlyCount "26"]
[EventDate "2022.01.03"]
[EventType "swiss"]
[EventCountry "CRO"]
[SourceTitle "playchess.com"]
[Source "ChessBase"]
[SourceQuality "1"]
[TimeControl "5400+30"]

1. d4 Nf6 2. c4 e6 3. Nc3 Bb4 4. e3 c5 5. a3 Bxc3+ 6. bxc3 Qa5 7. Bd2 Ne4 8. Bd3 Nxd2 9. Qxd2 Nc6 10. Ne2 d6 11. O-O O-O 12. Qc2 h6 13. f4 Qc7 1/2-1/2

[Event "26th Bosnjaci Open 2022"]
[Site "Bosnjaci"]
[Date "2022.01.06"]
[Round "6.8"]
[White "Brkic, Zdenko"]
[Black "Saric, Luka"]
[Result "0-1"]
[WhiteElo "2063"]
[BlackElo "2176"]
[Annotator "ChessBase"]
[PlyCount "56"]
[EventDate "2022.01.03"]
[EventType "swiss"]
[EventCountry "CRO"]
[SourceTitle "playchess.com"]
[Source "ChessBase"]
[SourceQuality "1"]
[TimeControl "5400+30"]

1. d4 Nf6 2. Nf3 d5 3. c4 e6 4. Nc3 Be7 5. Bg5 Nbd7 6. Ne5 Nxe5 7. dxe5 Nd7 8. Bf4 Nb6 9. e4 Bg5 10. Bxg5 Qxg5 11. cxd5 exd5 12. Qd4 dxe4 13. Nxe4 Qe7 14. Bb5+ Bd7 15. Bxd7+ Qxd7 16. Qxd7+ Nxd7 17. Rc1 c6 18. Nd6+ Ke7 19. Nf5+ Ke6 20. Nxg7+ Kxe5 21. O-O Kf6 22. Nh5+ Kg5 23. Ng3 Rhe8 24. Rc4 Nf6 25. h4+ Kg6 26. f3 h5 27. Rf4 Rad8 28. Ne4 Nd5 0-1

[Event "26th Bosnjaci Open 2022"]
[Site "Bosnjaci"]
[Date "2022.01.06"]
[Round "6.9"]
[White "Pasalic, Adnan"]
[Black "Dabic, Stjepan"]
[Result "0-1"]
[WhiteElo "1983"]
[BlackElo "2161"]
[Annotator "NA"]
[PlyCount "46"]
[EventDate "2022.01.03"]
[EventType "swiss"]
[EventCountry "CRO"]
[SourceTitle "playchess.com"]
[Source "ChessBase"]
[SourceQuality "1"]
[TimeControl "5400+30"]

1. d4 Nf6 2. c4 g6 3. Nc3 Bg7 4. Nf3 O-O 5. e4 d6 6. Be2 Nbd7 7. O-O e5 8. h3 a5 9. Be3 c6 10. c5 exd4 11. Bxd4 dxc5 12. Be3 Qe7 13. Qc2 Re8 14. Nd2 b5 15. f3 Ba6 16. Rfe1 Nd5 17. Bf2 Nxc3 18. bxc3 b4 19. Nb1 Bxe2 20. Rxe2 Nf8 21. Be1 Ne6 22. e5 Nf4 23. Re4 Bxe5 0-1

[Event "26th Bosnjaci Open 2022"]
[Site "Bosnjaci"]
[Date "2022.01.06"]
[Round "6.10"]
[White "Miletic, Josip"]
[Black "Caric, Mato"]
[Result "1/2-1/2"]
[WhiteElo "2161"]
[BlackElo "2029"]
[Annotator "TA"]
[PlyCount "38"]
[EventDate "2022.01.03"]
[EventType "swiss"]
[EventCountry "CRO"]
[SourceTitle "playchess.com"]
[Source "ChessBase"]
[SourceQuality "1"]

{[%evp 9,38,-31,-37,-44,-16,-53,-31,-50,-15,-16,-20,-21,-25,-22,-9,-36,-21,-20,0,0,0,0,3,-31,8,-1,-11,-58,-61,-59,-78]} 1. g3 g6 2. Bg2 Bg7 3. Nh3 Nf6 4. f3 O-O 5. Nf2 d5 6. d3 {A00: Irregular Openings.} c5 7. e3 {[%cal Be2e3,Be3e4][%mdl 32] [#]} (7. e4 {feels hotter.} e5 8. Bg5 d4 9. Ng4 Nc6 10. O-O) 7... Bd7 $146 ({Predecessor:} 7... Nc6 8. c3 e5 9. O-O Re8 10. Na3 a6 11. Nc2 b5 12. e4 Bb7 13. b3 Qd7 14. Bh3 Qd8 15. Bg2 Qd7 16. Bh3 Qd8 17. Bg2 {½-½ (17) Lange,S (2110)-Perhinig,R (2241) Playchess.com INT 2020}) 8. c3 Bc6 9. O-O e5 10. Na3 Qc7 11. e4 Nbd7 12. Qe2 a6 13. f4 b5 14. fxe5 Qxe5 15. Bf4 Qe6 16. Rfe1 Rfe8 17. Bh3 Qe7 {[%cal Rd5e4]} 18. Rad1 (18. e5 $11 {was preferrable.}) 18... Nh5 $15 19. Bc1 f5 {Weighted Error Value: White=0.13 (very precise) /Black=0.09 (flawless)} 1/2-1/2

[Event "26th Bosnjaci Open 2022"]
[Site "Bosnjaci"]
[Date "2022.01.06"]
[Round "6.11"]
[White "Jelecevic, Ivo"]
[Black "Pestek, Elvis"]
[Result "1/2-1/2"]
[WhiteElo "2136"]
[BlackElo "2005"]
[Annotator "TA"]
[PlyCount "116"]
[EventDate "2022.01.03"]
[EventType "swiss"]
[EventCountry "CRO"]
[SourceTitle "playchess.com"]
[Source "ChessBase"]
[SourceQuality "1"]

{[%evp 14,116,34,15,34,25,42,35,41,36,45,51,50,51,80,72,78,40,50,30,20,18,14,11,45,48,707,6,0,11,12,-14,-7,-8,19,0,8,8,66,58,96,93,84,75,102,101,103,104,120,107,181,181,181,181,181,181,181,181,181,181,181,181,184,195,195,181,186,187,189,166,167,139,139,139,139,124,124,124,124,124,124,0,0,0,0,0,0,0,0,0,55,62,62,68,62,73,75,86,86,0,93,93,93,100,100]} 1. e4 e6 2. d4 d5 3. Nd2 Nf6 4. e5 Nfd7 {[%cal Bf6d7,Bd7c5,Bc5e4][%mdl 32]} 5. f4 c5 6. Ndf3 Nc6 7. Ne2 {has lost popularity (7.c3).} cxd4 8. Nexd4 Nc5 {C05: French Tarrasch: 3...Nf6 4 e5 Nfd7, 5 f4 and 5 Bd3 sidelines.} 9. Be2 Be7 10. O-O O-O {White is slightly better.} 11. Be3 Ne4 12. c3 Bd7 13. Bd3 f5 14. exf6 Nxf6 {[#]} 15. Ne5 $146 ({Predecessor:} 15. Kh1 Bd6 16. Qe2 g6 17. Rae1 Nh5 18. g3 Ng7 19. Bg1 Re8 20. Ne5 Nxe5 21. fxe5 {½-½ (55) Lanka,Z (2442)-Cofman,V (2163) Germany 2016}) 15... Bd6 16. Nxd7 Qxd7 17. Qf3 Rae8 18. Qh3 Nxd4 19. Bxd4 e5 $2 {[%mdl 8192] [#]} (19... Qc7 $14) 20. Bf5 $2 Qc7 $1 $11 21. fxe5 (21. Bxa7 $2 b6 22. Be6+ Kh8 23. fxe5 Bxe5 $19) 21... Bxe5 22. Rad1 ({Don't go for} 22. Bxa7 $2 b6 23. Rae1 Bd6 24. Rxe8 Rxe8 $19) 22... Bxd4+ 23. Rxd4 Qe5 24. Bc2 Ne4 25. Rxf8+ Rxf8 (25... Kxf8 $11 26. Qe3 (26. Qxh7 $2 Nxc3 27. Qh8+ Ke7 $19) (26. Bxe4 dxe4 27. Qxh7 e3 $11) 26... Nf6 27. Qxe5 Rxe5) 26. Qe3 $1 $14 {[%cal Od4d5] Hoping for Rxd5!} Qf5 {[%csl Gf8][%cal Rf5f1] [#]} 27. Rd1 {To avoid Qf1+} b6 28. c4 Qf6 29. cxd5 Nd6 30. Qe6+ Kh8 {( -> ...Qf2+)} 31. Qxf6 {Active counter play!} gxf6 $16 {[%mdl 4096] Endgame KRB-KRN} (31... Rxf6 $16 32. Re1 g6) 32. Re1 $18 Re8 33. Rxe8+ Nxe8 {KB-KN} 34. Kf2 Nd6 35. Kf3 Kg7 36. Bd3 h6 37. Ke3 Kf7 38. Kd4 Ke7 39. b4 Kf7 40. a4 {[%cal Ba2a4,Ba4a5][%mdl 32]} Ke7 41. a5 Kf7 42. g4 Ke7 43. h4 Kd7 44. axb6 axb6 45. Ke3 Ke7 46. Kf4 Kf7 47. g5 (47. Bf1 $16) 47... hxg5+ $11 48. hxg5 fxg5+ 49. Kxg5 Ke7 50. Bg6 Kd7 51. Kf6 Kc7 (51... Nc4 $11) 52. Ke7 Nc8+ 53. Ke6 Nd6 54. Bd3 Nb7 55. Bb5 Nd6 56. Ba6 ({White should play} 56. Bd7 $16) 56... Ne4 (56... b5 $11 57. Ke7 Nf5+ 58. Kf6 Nd4) 57. Ke7 Nd6 58. Bd3 {Inhibits Nf5+.} Nc8+ {Blacks defense is rewarded with a draw.  Weighted Error Value: White=0.21 (precise) /Black=0.17 (very precise)} 1/2-1/2

[Event "26th Bosnjaci Open 2022"]
[Site "Bosnjaci"]
[Date "2022.01.06"]
[Round "6.12"]
[White "Sadikovic, Jasmin"]
[Black "Pehar, Borna"]
[Result "1-0"]
[WhiteElo "2134"]
[BlackElo "1580"]
[Annotator "ChessBase"]
[PlyCount "68"]
[EventDate "2022.01.03"]
[EventType "swiss"]
[EventCountry "CRO"]
[SourceTitle "playchess.com"]
[Source "ChessBase"]
[SourceQuality "1"]
[TimeControl "5400+30"]

1. e4 c5 2. Nf3 Nc6 3. g3 d6 4. Bg2 Nf6 5. d3 g6 6. O-O Bg7 7. c3 O-O 8. Qe2 e5 9. Na3 Be6 10. Ng5 Bg4 11. f3 Bd7 12. f4 a6 13. Nc4 Qc7 14. Ne3 Rfe8 15. f5 Ne7 16. g4 Bc6 17. c4 b5 18. b3 h6 19. Nf3 g5 20. h4 Nh7 21. hxg5 hxg5 22. Nxg5 Nxg5 23. f6 Ng6 24. fxg7 Nf4 25. Rxf4 exf4 26. Nf5 Bd7 27. Bxf4 Bxf5 28. gxf5 f6 29. Bxg5 fxg5 30. f6 Qf7 31. Rf1 Re6 32. e5 Rxe5 33. Qxe5 dxe5 34. Bxa8 Qg6 1-0

[Event "26th Bosnjaci Open 2022"]
[Site "Bosnjaci"]
[Date "2022.01.06"]
[Round "6.14"]
[White "Matanovic, Zlatko"]
[Black "Tomas, Ante"]
[Result "0-1"]
[WhiteElo "1952"]
[BlackElo "2122"]
[Annotator "NA"]
[PlyCount "90"]
[EventDate "2022.01.03"]
[EventType "swiss"]
[EventCountry "CRO"]
[SourceTitle "playchess.com"]
[Source "ChessBase"]
[SourceQuality "1"]
[TimeControl "5400+30"]

1. d4 Nf6 2. Nf3 e6 3. Bg5 d5 4. Nbd2 Be7 5. e3 O-O 6. Bd3 Nbd7 7. O-O b6 8. c4 Bb7 9. Rc1 c5 10. b3 Rc8 11. h3 Ne4 12. Bf4 Nxd2 13. Nxd2 cxd4 14. exd4 Nf6 15. Re1 dxc4 16. Nxc4 b5 17. Ne3 Rxc1 18. Qxc1 Qxd4 19. Qc7 Qb4 20. Nc2 Nd5 21. Qxb7 Qxf4 22. Ne3 Qb4 23. Rf1 Nxe3 24. fxe3 Bc5 25. Kh1 Bxe3 26. a3 Qd2 27. Bxb5 Bb6 28. Qe7 Qd8 29. Qb7 Qd6 30. Rc1 Qxa3 31. Qc6 Qxb3 32. Bc4 Qe3 33. Rf1 g6 34. Qd7 Qe5 35. Rf3 Qd4 36. Qxd4 Bxd4 37. g4 Rc8 38. Bb5 Rc3 39. Rxc3 Bxc3 40. Kg2 Kg7 41. Kf3 f5 42. Bc4 e5 43. gxf5 gxf5 44. h4 Kf6 45. h5 h6 0-1

[Event "26th Bosnjaci Open 2022"]
[Site "Bosnjaci"]
[Date "2022.01.06"]
[Round "6.15"]
[White "Abdil, Halil"]
[Black "Dubrovic, Mihovil"]
[Result "1-0"]
[WhiteElo "2117"]
[BlackElo "1975"]
[Annotator "ChessBase"]
[PlyCount "75"]
[EventDate "2022.01.03"]
[EventType "swiss"]
[EventCountry "CRO"]
[SourceTitle "playchess.com"]
[Source "ChessBase"]
[SourceQuality "1"]
[TimeControl "5400+30"]

1. e4 e5 2. Nf3 Nc6 3. d4 exd4 4. Nxd4 Bc5 5. Be3 Qf6 6. c3 Nge7 7. g3 O-O 8. Bg2 Bb6 9. O-O d6 10. Na3 Ne5 11. h3 c6 12. f4 Nd7 13. Qd2 c5 14. Ndb5 d5 15. e5 Qg6 16. Bf2 Nb8 17. g4 h5 18. f5 Qh7 19. Nd6 hxg4 20. hxg4 Nbc6 21. Rae1 d4 22. Nac4 Qh6 23. g5 Qh5 24. Qf4 f6 25. gxf6 gxf6 26. e6 Bc7 27. Qg3+ Qg5 28. Re4 Qxg3 29. Bxg3 Bxd6 30. Bxd6 Rd8 31. Rg4+ Kf8 32. Rg6 b5 33. Bxc6 bxc4 34. Rxf6+ Kg7 35. Rf7+ Kh6 36. Bxe7 Rg8+ 37. Kf2 Rb8 38. Rh1# 1-0

[Event "26th Bosnjaci Open 2022"]
[Site "Bosnjaci"]
[Date "2022.01.07"]
[Round "7.1"]
[White "Saric, Ante"]
[Black "Bobanac, Miro"]
[Result "1-0"]
[WhiteElo "2530"]
[BlackElo "2261"]
[Annotator "TA"]
[PlyCount "127"]
[EventDate "2022.01.03"]
[EventType "swiss"]
[EventCountry "CRO"]
[SourceTitle "playchess.com"]
[Source "ChessBase"]
[SourceQuality "1"]

{[%evp 14,127,16,-3,10,0,20,19,12,18,23,10,22,10,6,0,8,12,14,0,14,15,0,2,15,4,11,8,27,24,12,13,0,9,29,0,71,65,79,75,75,23,39,0,0,0,121,24,98,98,99,102,96,97,96,86,97,103,97,74,89,81,50,62,59,20,67,63,65,58,132,130,162,158,194,122,117,105,125,120,168,155,213,214,212,212,210,212,266,279,275,272,266,276,281,273,443,434,463,443,527,517,574,578,690,685,772,735,804,152,602,583,29981,29971,6396,5583]} 1. d4 Nf6 2. Nf3 e6 3. c4 d5 4. g3 Nbd7 5. Bg2 dxc4 6. Qa4 a6 7. Nc3 Be7 8. Ne5 Rb8 {E02: Open Catalan: 5 Qa4+.} 9. Nxd7 (9. Nxc4 $2 b5 10. Qc2 bxc4 $19) 9... Nxd7 10. Qxc4 b5 {The position is equal.} 11. Qd3 Bb7 12. Bxb7 Rxb7 13. a4 {[#]} O-O $146 ({Predecessor:} 13... Qb8 14. axb5 axb5 15. Bf4 Bd6 16. Bxd6 cxd6 17. b4 Ke7 18. Ra5 Rc8 19. O-O Rc4 {1-0 (35) Barcza,G-Szily,J Hungary 1943}) 14. Qf3 Rb8 15. axb5 axb5 16. O-O b4 17. Na4 Nf6 18. Be3 Nd5 19. Rfd1 Qd7 20. Bd2 Qb5 21. e4 Nf6 22. b3 Rfd8 23. Bf4 Qb7 24. Bg5 (24. Rac1 $5 {[%cal Rc1c7]} Rbc8 25. Bg5 $11) 24... Rd7 (24... h6 $11 25. Bxf6 Bxf6) 25. Bxf6 $16 gxf6 26. d5 Rbd8 {[%cal Re6d5]} 27. Re1 ({White should play} 27. Rac1 $16) 27... exd5 $11 28. exd5 Bf8 $1 29. Re4 {White wants to mate with Rg4+.} Rd6 {[#]} (29... Rxd5 $11 30. Rae1 (30. Rg4+ Bg7 $11) 30... f5) 30. Rd1 ({White should try} 30. Nc5 $1 $16 {[%cal Rc5b7]} Qc8 31. Rg4+ (31. Rxb4 Rxd5 32. Ne4 Rf5 $14) 31... Bg7 32. Rd1 (32. Rxb4 Rxd5 33. Ra5 f5 $14)) 30... Qb5 (30... Rxd5 $11 {remains equal.} 31. Rxd5 Qxd5) 31. Qg4+ $16 Kh8 32. Rxb4 Qd7 33. Qxd7 {White is much more active.} R6xd7 34. Rc4 Rb8 35. Rd3 Rb5 {To avoid Nc5} 36. Kg2 Kg7 37. Rg4+ Kh8 38. Rgd4 Bd6 39. Re3 {Black must now prevent Re8+.} f5 (39... Be5 $11 {feels stronger.} 40. Rc4 Kg7) 40. Rf3 $14 f4 41. gxf4 Kg7 ({Better is} 41... Bf8 $14) 42. Rg3+ $16 Kf6 43. Nc3 Rb6 44. Rh3 (44. Ne4+ $18 Ke7 45. Rh3) 44... Kg7 45. Ne2 Rb5 46. Ng3 Bc5 (46... h6 $16 {is a better defense.} 47. Ne4 Be7) 47. Rd3 $18 Bb6 (47... Rd8 $16 48. Ne4 Bb6 49. Rdg3+ Kf8 50. Rxh7 Rdxd5) 48. Nh5+ Kf8 49. Nf6 {[%csl LRd7,LRh7]} Rd6 50. Nxh7+ Ke7 {[#]} 51. Ng5 $1 Rdxd5 52. Rxd5 Rxd5 {[%mdl 4096] Endgame KRB-KRN} 53. Rh7 Rf5 54. Kg3 Ke8 $2 (54... Kf8 55. Kg4 Rf6) 55. Kg4 Rb5 56. Nxf7 Rxb3 57. f3 Bd4 58. h4 {[%cal Bh2h4,Bh4h5,Bh5h6][%mdl 32]} c5 59. Nd6+ Kf8 60. h5 Rb6 61. Rf7+ Kg8 62. Rd7 {h6 is the strong threat.} Rc6 63. h6 Ra6 64. Kh5 {Weighted Error Value: White=0.16 (very precise) /Black=0.27 (precise)} 1-0

[Event "26th Bosnjaci Open 2022"]
[Site "Bosnjaci"]
[Date "2022.01.07"]
[Round "7.2"]
[White "Saric, Kristina"]
[Black "Tica, Sven"]
[Result "0-1"]
[WhiteElo "2148"]
[BlackElo "2419"]
[Annotator "ChessBase"]
[PlyCount "108"]
[EventDate "2022.01.03"]
[EventType "swiss"]
[EventCountry "CRO"]
[SourceTitle "playchess.com"]
[Source "ChessBase"]
[SourceQuality "1"]
[TimeControl "5400+30"]

1. e4 c6 2. d4 d5 3. Nc3 dxe4 4. Nxe4 Nf6 5. Nxf6+ exf6 6. c3 Bd6 7. Bd3 Na6 8. Qc2 Nc7 9. Ne2 Ne6 10. O-O g6 11. Re1 O-O 12. Bh6 Re8 13. Rad1 Qa5 14. Ng3 f5 15. d5 cxd5 16. Bxf5 Bd7 17. Bxe6 Bxe6 18. Qd2 f6 19. Bf4 Bf8 20. b4 Qd8 21. h4 Rc8 22. h5 a5 23. hxg6 hxg6 24. a3 Bf7 25. Nf1 Rxe1 26. Qxe1 Qd7 27. Ne3 Qc6 28. Rd3 axb4 29. axb4 g5 30. Bg3 Bg6 31. Rxd5 Qxc3 32. Qxc3 Rxc3 33. b5 Rd3 34. Bc7 Kf7 35. Rxd3 Bxd3 36. b6 Ke6 37. g4 Bd6 38. f3 Bc5 39. Kf2 Ke7 40. f4 gxf4 41. Bxf4 Bxb6 42. g5 f5 43. Ke1 Kf7 44. Kd2 Be4 45. Nc4 Bd4 46. Ne5+ Ke6 47. Nc4 b5 48. Na5 b4 49. Nb3 Bc3+ 50. Kc1 Bc6 51. Kb1 Bb5 52. Kc2 Ba4 53. Bc1 Kd5 54. g6 Kc4 0-1

[Event "26th Bosnjaci Open 2022"]
[Site "Bosnjaci"]
[Date "2022.01.07"]
[Round "7.3"]
[White "Kovacevic, Blazimir"]
[Black "Nemec, Vjekoslav"]
[Result "1-0"]
[WhiteElo "2399"]
[BlackElo "2194"]
[Annotator "ChessBase"]
[PlyCount "137"]
[EventDate "2022.01.03"]
[EventType "swiss"]
[EventCountry "CRO"]
[SourceTitle "playchess.com"]
[Source "ChessBase"]
[SourceQuality "1"]
[TimeControl "5400+30"]

1. Nf3 g6 2. d4 Nf6 3. Bf4 Bg7 4. e3 O-O 5. Be2 d6 6. O-O Nh5 7. Bg5 h6 8. Bh4 g5 9. Nfd2 Nf4 10. exf4 gxh4 11. c3 Nd7 12. Nf3 e5 13. fxe5 dxe5 14. Nbd2 exd4 15. Nxd4 Ne5 16. Nc4 Nxc4 17. Bxc4 Qf6 18. Re1 h3 19. g3 Bd7 20. Re4 c5 21. Rf4 Qe7 22. Nf5 Bxf5 23. Rxf5 Rad8 24. Bd5 Rd6 25. Qg4 Qd7 26. Qf3 Rf6 27. Rxf6 Bxf6 28. Rd1 Qe7 29. Bc4 b6 30. Qg4+ Bg7 31. Qxh3 Rd8 32. Bd5 Kf8 33. Qh5 Qf6 34. Rd3 Qg6 35. Qxg6 fxg6 36. Rf3+ Ke8 37. Bf7+ Ke7 38. Bxg6 Rd1+ 39. Kg2 Bf6 40. Rd3 Ra1 41. Re3+ Kf8 42. Bd3 Rxa2 43. Re2 Ra1 44. Kf3 Ra4 45. Bc2 Ra2 46. Bb3 Ra1 47. Ke4 b5 48. Kf5 Be7 49. Bd5 Rd1 50. Ke6 b4 51. cxb4 cxb4 52. b3 a5 53. Re5 Rd2 54. Rf5+ Ke8 55. Bc6+ Kd8 56. Rd5+ Rxd5 57. Kxd5 Bf6 58. Ke4 Ke7 59. Kf5 Kf7 60. f4 Bd4 61. g4 Bf2 62. Bd5+ Kg7 63. g5 Be1 64. Kg4 Bd2 65. h4 Be3 66. f5 Bd4 67. f6+ Kh7 68. Kf5 hxg5 69. hxg5 1-0

[Event "26th Bosnjaci Open 2022"]
[Site "Bosnjaci"]
[Date "2022.01.07"]
[Round "7.4"]
[White "Saric, Luka"]
[Black "Zovko, Mario"]
[Result "1/2-1/2"]
[WhiteElo "2176"]
[BlackElo "2297"]
[Annotator "NA"]
[PlyCount "54"]
[EventDate "2022.01.03"]
[EventType "swiss"]
[EventCountry "CRO"]
[SourceTitle "playchess.com"]
[Source "ChessBase"]
[SourceQuality "1"]
[TimeControl "5400+30"]

1. Nf3 d5 2. d4 Nf6 3. c4 e6 4. e3 Be7 5. b3 Nbd7 6. Be2 Ne4 7. O-O O-O 8. Nfd2 Nef6 9. Nc3 c5 10. cxd5 exd5 11. Nf3 cxd4 12. exd4 Bb4 13. Bd2 Re8 14. Re1 Nf8 15. Nb5 Be7 16. Rc1 Ne6 17. Ng5 Bd6 18. Nxd6 Qxd6 19. Bd3 h6 20. Nxe6 Bxe6 21. Qf3 Bd7 22. Rxe8+ Rxe8 23. Qg3 Qxg3 24. hxg3 Rc8 25. Rxc8+ Bxc8 26. f3 Be6 27. g4 h5 1/2-1/2

[Event "26th Bosnjaci Open 2022"]
[Site "Bosnjaci"]
[Date "2022.01.07"]
[Round "7.5"]
[White "Stocko, Josip"]
[Black "Dabic, Stjepan"]
[Result "1/2-1/2"]
[WhiteElo "2231"]
[BlackElo "2161"]
[Annotator "NA"]
[PlyCount "72"]
[EventDate "2022.01.03"]
[EventType "swiss"]
[EventCountry "CRO"]
[SourceTitle "playchess.com"]
[Source "ChessBase"]
[SourceQuality "1"]
[TimeControl "5400+30"]

1. e4 c5 2. Nf3 d6 3. g3 Nf6 4. d3 g6 5. Bg2 Bg7 6. O-O O-O 7. Re1 Nc6 8. c3 Rb8 9. h3 b6 10. d4 cxd4 11. cxd4 Bb7 12. Nc3 h6 13. a3 Rc8 14. Be3 Na5 15. Nd2 Ba8 16. Qe2 e6 17. Rac1 Ne8 18. b4 Nc6 19. Nb3 Nc7 20. Rc2 Qd7 21. Rec1 Rfd8 22. Bf1 Ne7 23. a4 f5 24. f3 Ne8 25. b5 Nf6 26. Bg2 Rc7 27. Nb1 Rxc2 28. Qxc2 Rc8 29. Qe2 Rd8 30. Qc2 Rc8 31. Qd3 Rxc1+ 32. Nxc1 fxe4 33. fxe4 d5 34. e5 Ne4 35. Ne2 Qc8 36. Nbc3 Nxc3 1/2-1/2

[Event "26th Bosnjaci Open 2022"]
[Site "Bosnjaci"]
[Date "2022.01.07"]
[Round "7.6"]
[White "Lalic, Kristijan"]
[Black "Vujnovic, Patricija"]
[Result "1/2-1/2"]
[WhiteElo "2215"]
[BlackElo "2138"]
[Annotator "ChessBase"]
[PlyCount "85"]
[EventDate "2022.01.03"]
[EventType "swiss"]
[EventCountry "CRO"]
[SourceTitle "playchess.com"]
[Source "ChessBase"]
[SourceQuality "1"]
[TimeControl "5400+30"]

1. e4 c6 2. d4 d5 3. f3 e6 4. Be3 Qb6 5. Nd2 Qxb2 6. Bd3 Nd7 7. Ne2 Ne7 8. a4 Qb6 9. O-O Ng6 10. c4 Be7 11. f4 dxe4 12. Nxe4 Nf6 13. N2g3 O-O 14. a5 Qc7 15. Nxf6+ Bxf6 16. Ne4 Be7 17. Qh5 f5 18. Ng5 Bxg5 19. Qxg5 Bd7 20. Qg3 b6 21. Qe1 Rab8 22. Qc3 Ne7 23. Rf2 b5 24. Bc1 b4 25. Qe1 c5 26. d5 Ng6 27. dxe6 Rbe8 28. Re2 Bc8 29. Qf2 Rxe6 30. Rxe6 Bxe6 31. Be3 Rc8 32. a6 Nf8 33. Re1 Qb6 34. Bc1 Qxa6 35. Bb2 Qd6 36. Qe3 Qd7 37. Qe5 Qf7 38. Re3 Rc7 39. g4 fxg4 40. f5 Bc8 41. Qd6 Qd7 42. Qe5 Qf7 43. Qd6 1/2-1/2